Terminaisons de pays n°2 - Statistiques

Statistiques générales
  • Ce quiz a été pris 997 fois
    897 depuis la dernière actualisation
  • Le résultat moyen est 15 sur 35
Statistiques - réponses
Hint Réponse % Correct
Ay Paraguay
86%
Ay Uruguay
85%
Ce France
68%
In Bénin
62%
Al Portugal
62%
Ge Norvège
58%
Ce Grèce
56%
Co Monaco
56%
Ne Espagne
53%
Ne Allemagne
51%
Al Senegal
51%
Ne Chine
50%
Ne Argentine
48%
Ro Montenegro
44%
In Bahreïn
43%
Al Nepal
43%
Na Ghana
42%
Ne Pologne
41%
En Yemen
40%
In Liechtenstein
38%
In Saint-Marin
36%
Te Malte
34%
Na Guyana
33%
Na Botswana
32%
Te Egypte
32%
Ne Ukraine
30%
Te Arabie saoudite
28%
Al Timor Oriental
27%
Ne Bosnie-Herzegovine
23%
Ge Cambodge
22%
Ne Republiqué Dominicaine
20%
Ne Macedoine
18%
Ce Maurice
16%
Ne Republiqué Centrafricaine
16%
Ne Sierra Leone
15%
Aucun quiz correspondant
Distribution des résultats
% des personnes avec chaque résultat
Percentile par nombre de réponses
Votre historique - résultats
Vous n’avez pas pris ce quiz depuis la dernière actualisation